Indian Constitution and Human Rights - (Set of 2 Part) (Record no. 1312120)

MARC details
000 -LEADER
fixed length control field 00494nam a2200181Ia 4500
005 - DATE AND TIME OF LATEST TRANSACTION
control field 20260130164411.0
008 - FIXED-LENGTH DATA ELEMENTS--GENERAL INFORMATION
fixed length control field 008 250505s9999 xx 000 0 eng d
020 ## - INTERNATIONAL STANDARD BOOK NUMBER
International Standard Book Number 9789383158652
040 ## - CATALOGING SOURCE
Language of cataloging eng
Transcribing agency ILCL
041 ## - LANGUAGE CODE
Language code of text/sound track or separate title eng
Source of code eng
100 ## - MAIN ENTRY--PERSONAL NAME
Personal name Murugan, Annamalai
245 #0 - TITLE STATEMENT
Title Indian Constitution and Human Rights - (Set of 2 Part)
250 ## - EDITION STATEMENT
Edition statement 1
260 ## - PUBLICATION, DISTRIBUTION, ETC.
Place of publication, distribution, etc. Delhi
Name of publisher, distributor, etc. S.K Book Agency
Date of publication, distribution, etc. 2022
300 ## - PHYSICAL DESCRIPTION
Extent xiv,239p.
490 ## - SERIES STATEMENT
Volume/sequential designation 1 & 2
942 ## - ADDED ENTRY ELEMENTS (KOHA)
Koha item type Textbook
Source of classification or shelving scheme
100 ## - MAIN ENTRY--PERSONAL NAME
-- 1113012
999 ## -
-- 1312120
-- 1312120
Holdings
Withdrawn status Lost status Source of classification or shelving scheme Damaged status Not for loan Home library Current library Source of acquisition Cost, normal purchase price Inventory number Total checkouts Full call number Barcode Date last seen Price effective from Koha item type
    Colon Classification (CC)     Integrated Law Course library Integrated Law Course library The Book Seller 4950.00 IN00007 dt. 12-07-2024   Z2:2:(W:5) R2.1 IL1863280 2025-05-06 2025-05-06 Textbook
    Colon Classification (CC)     Integrated Law Course library Integrated Law Course library The Book Seller 4950.00 IN00007 dt. 12-07-2024   Z2:2:(W:5) R2.2 IL1863281 2025-05-06 2025-05-06 Textbook
Copyright @ Delhi University Library System